| 000 | 00705cam a22002411 4500 | ||
|---|---|---|---|
| 001 | sa 67002844 | ||
| 003 | DLC | ||
| 005 | 20260227112333.0 | ||
| 008 | 890615s1964 ii b 000 0 hino | ||
| 010 | _asa 67002844 | ||
| 035 | _a(OCoLC)19876979 | ||
| 040 |
_aDLC _cWaU _dNRU _dDLC |
||
| 042 | _apremarc | ||
| 050 | 0 | 0 |
_aPK2095.S8 _bZ57 |
| 100 | 1 | _aBhatnagar, Ram Ratan. | |
| 245 | 1 | 0 |
_aSūra-sāhitya kī bhūmikā. _cLekhaka Rāmaratana Bhaṭanāgara. |
| 250 | _a[1. saṃskaraṇa] | ||
| 260 |
_aIlāhābāda, _bRāmanārāyṇalāla Benīmādhava, _c1964. |
||
| 300 |
_a2, 392 p. _c19 cm. |
||
| 500 | _aIn Hindi. | ||
| 504 | _aBibliographical footnotes. | ||
| 600 | 0 | 0 |
_aSūradāsa, _d1483?-1563? |
| 999 |
_c73469 _d73469 |
||